Sanat - "Menestys on paras tapa kostaa" - Ares - Statistics

Yleistilastot
  • Tätä visaa on pelattu 129 kertaa
  • Keskiarvotulos 219 / 345
Vastaustilastot
Vastaus % Oikein
me
98%
on
98%
menestys
97%
Menestys
97%
paras
97%
ei
95%
Ei
95%
tapa
95%
kostaa
94%
94%
94%
94%
94%
haluu
91%
ku
91%
Ku
91%
Ne
91%
ne
91%
mitä
88%
vaa
88%
voi
88%
postaa
86%
ostaa
85%
Saa
85%
katseen
84%
nostaa
84%
rakkautta
83%
Baby
81%
Mut
80%
mut
80%
se
79%
Se
79%
Vaik
78%
vaik
78%
et
77%
en
76%
Marbellas
76%
sul
69%
hyvi
66%
menee
66%
ikin
65%
ja
65%
nykyää
65%
ni
63%
nii
63%
sen
63%
teen
62%
paremmin
60%
itellää
59%
teki
59%
sit
58%
koskaa
57%
Moni
57%
sun
57%
väärin
57%
oo
56%
ruokaa
56%
ostin
55%
pääl
55%
sitä
55%
Sitä
55%
toivoo
55%
enää
53%
Iha
53%
iha
53%
tän
53%
halusin
52%
Halusin
52%
mun
52%
sua
52%
veli
52%
käy
51%
Nyt
51%
nyt
51%
takasi
50%
Tiiän
50%
tiiän
50%
tost
50%
ihan
49%
kukaa
49%
tonnii
49%
aja
48%
haluun
48%
huomion
48%
mitenkää
48%
mul
48%
ollu
48%
oon
48%
pari
48%
Sil
48%
Vikoil
48%
hiffannu
47%
jos
47%
Jos
47%
koko
47%
rahoilla
47%
sulle
47%
sydän
47%
toivon
47%
huomaat
45%
niist
45%
riidellää
45%
tunne
45%
24/7
44%
äijii
44%
Diorii
44%
haudattii
44%
jahdannu
44%
katkera
44%
mistää
44%
nää
44%
of
44%
salaattii
44%
tänää
44%
24
43%
broidi
43%
edelleen
43%
Kaatunu
43%
kaiken
43%
matalii
43%
Muistan
43%
random
43%
tää
43%
tatamii
43%
vieres
43%
aidat
42%
karaattii
42%
makaisin
42%
proud
42%
rahaa
42%
Seteleit
42%
takasin
42%
kerra
41%
mukaa
41%
niit
41%
pistää
41%
sanoo
41%
Seisoin
41%
suoran
41%
kiistää
40%
Paljon
40%
tutustunu
40%
aikaa
38%
kasaisin
38%
luulen
38%
päivii
38%
sattuu
38%
selkä
38%
täs
38%
haluisin
37%
kuulet
37%
ottanu
37%
särkyy
37%
vääristää
37%
Äiti
36%
kerroksii
36%
tiramisus
36%
vitust
36%
voin
36%
mäki
35%
paitsi
35%
satasii
35%
suus
35%
arpii
34%
niinku
34%
onnellisuut
34%
timantit
34%
välil
34%
hommas
33%
pysty
33%
just
31%
kämppää
31%
katoin
31%
laskee
31%
loman
31%
omistaa
31%
Paikkaamas
31%
pakoo
31%
Sanoit
31%
tarve
31%
todellisuut
31%
24v
30%
ahneeks
30%
juosta
30%
rupee
30%
sama
30%
sormil
30%
whippii
30%
joka
29%
koitan
29%
todistaa
29%
vääräks
29%
viholline
29%
olis
28%
monesti
27%
päivä
27%
Peilis
27%
Pettyny
27%
palatsis
22%
palasii
21%
fixaan
14%
myl
0%
Ehtoja vastaavia visoja ei löytynyt
Tulosjakauma
Jokaisen tuloksen saaneiden osuus
Persentiili vastausten määrän mukaan
Tuloshistoriasi
Et ole pelannut tätä visaa